00690nam a2200241 a 4500001001300000003000900013005001700022008004100039020001000080082001800090100001700108245003500125260003800160300000900198500003500207505001800242650002000260700001700280902000800297942000700305952011900312999001700431nice12345678IN_TiNIC20260116014005.0050524s2000 hyda grp 000 0 eng  ac28000a346.0134bRED aReddy`s, G B aWomen and the Law. 3rd Edition aHyderabadbGogia Law Agencyc2000 a311p aincludes index and biblioraphy2 aSubject Index aWomen-India-Law1 aReddy`s, G B bSRS cBK 001040708StackRoom-aHMIbHMId2007-06-05g280.00l0o346.0134 REDp019789r2007-06-05v280.00w2005-05-24yBK c13397d13397